[Event "Grand Rapids (MI Am/1/1)"]
[Site "?"]
[Date "1995.??.??"]
[Round "?"]
[White "Skidmore, Mike"]
[Black "Fowler, B."]
[Result "0-1"]
[WhiteElo "1975"]
[BlackElo "1605"]
[PlyCount "112"]
[EventDate "1995.??.??"]

{1/(1)} 1. e4 c6 2. d4 d5 3. e5 Bf5 4. Nf3 e6 5. Be2 h6 6. Nbd2 Nd7 7. Nf1 c5
8. Ng3 Bg6 9. c3 cxd4 10. cxd4 Bb4+ 11. Bd2 Bxd2+ 12. Qxd2 Rc8 13. O-O Rc2 14.
Qb4 Qb6 15. Bb5 Bd3 16. Rfc1 Qxb5 17. Qa3 Qxb2 18. Qxb2 Rxb2 19. Rc8+ Ke7 20.
Nh5 Rc2 21. Ra8 Nb6 22. Rb8 Ba6 23. Nxg7 Rc8 24. Rxc8 Nxc8 25. Rc1 Kd7 26. Nh5
Bc4 27. Rb1 Kc6 28. Rc1 Nge7 29. Nf6 b5 30. Nd2 Nb6 31. Nb3 Ra8 32. Nc5 Nf5 33.
Nb3 a5 34. g4 Nh4 35. Rc3 b4 36. Rh3 Ng6 37. Rxh6 a4 38. Nc1 b3 39. axb3 axb3
40. Nxb3 Bxb3 41. Rh7 Ra7 42. Nh5 Nh4 43. f4 Nf3+ 44. Kf2 Nxd4 45. h4 Bd1 46.
Nf6 Bc2 47. Rg7 Nb3 48. h5 d4 49. g5 d3 50. Ne4 d2 51. Nxd2 Nxd2 52. g6 Ne4+
53. Ke3 Ra3+ 54. Ke2 fxg6 55. hxg6 Nd5 56. Rg8 Nxf4+ 0-1

[Event "Ann Arbor (HVA/2/5)"]
[Site "?"]
[Date "1995.??.??"]
[Round "?"]
[White "Skidmore, Mike"]
[Black "Davey, Scott"]
[Result "1-0"]
[WhiteElo "1950"]
[BlackElo "1605"]
[PlyCount "89"]
[EventDate "1995.??.??"]

{2/(5)} 1. e4 e5 2. Nf3 Nc6 3. Bb5 a6 4. Ba4 Nf6 5. d3 b5 6. Bb3 Be7 7. c3 d6
8. O-O O-O 9. Re1 Bb7 10. Nbd2 Nb8 11. Nf1 Nbd7 12. Ng3 g6 13. Bh6 Nc5 14. Bxf8
Bxf8 15. Bc2 Ne6 16. Qd2 d5 17. exd5 Nxd5 18. Nxe5 Ndf4 19. f3 Qg5 20. Rad1 f6
21. Ng4 h5 22. Nf2 h4 23. Nge4 Bxe4 24. Nxe4 Qf5 25. d4 Bh6 26. Qf2 Ng5 27.
Bb3+ Kg7 28. Nxg5 Qxg5 29. Re7+ Kh8 30. Kh1 Bf8 31. Re4 f5 32. Re3 Kh7 33. Rde1
h3 34. gxh3 c5 35. Qg3 Qh6 36. Re8 Rxe8 37. Rxe8 c4 38. Bc2 Nh5 39. Qe1 Nf6 40.
Ra8 Qxh3 41. Qf2 Bh6 42. Rxa6 Nd5 43. Bb1 Be3 44. Qg2 Qh4 45. Qxg6+ 1-0

[Event "East Lansing (MI Op/7/10)"]
[Site "?"]
[Date "1995.??.??"]
[Round "?"]
[White "Skidmore, Mike"]
[Black "Clark, K."]
[Result "0-1"]
[WhiteElo "1975"]
[BlackElo "2055"]
[PlyCount "60"]
[EventDate "1995.??.??"]

{7/(10)} 1. e4 e5 2. Nf3 Nf6 3. Nc3 Bb4 4. d3 O-O 5. Bd2 Nc6 6. a3 Be7 7. Be2
d6 8. O-O Ne8 9. Nd5 f5 10. c3 Nf6 11. Nxe7+ Qxe7 12. Re1 fxe4 13. dxe4 Kh8 14.
Bg5 Qf7 15. Qc2 Nd8 16. Rad1 Ne6 17. Bc4 Qg6 18. Bxf6 Rxf6 19. Bxe6 Bxe6 20.
Nh4 Qf7 21. Rd2 Rf8 22. b4 Rf4 23. g3 Rxh4 24. gxh4 Qg6+ 25. Kh1 Bg4 26. f4
Bf3+ 27. Rg2 Rxf4 28. Qf2 Bxe4 29. Qg3 Rg4 30. Rf1 Kg8 0-1

[Event "Ann Arbor (HVA/3/1)"]
[Site "?"]
[Date "1995.??.??"]
[Round "?"]
[White "Skidmore, Mike"]
[Black "Cetinel, S."]
[Result "0-1"]
[WhiteElo "1950"]
[BlackElo "2200"]
[PlyCount "138"]
[EventDate "1995.??.??"]

{3/(1)} 1. e4 d6 2. Bc4 e5 3. c3 Nf6 4. d3 Be7 5. Nf3 Nc6 6. Bb3 O-O 7. O-O d5
8. Bg5 dxe4 9. Bxf6 exf3 10. Bxe7 Qxe7 11. Qxf3 Qg5 12. Na3 Kh8 13. Nc4 f5 14.
Rfe1 f4 15. h3 Rf6 16. d4 Rh6 17. Nxe5 Nxe5 18. Rxe5 Qg6 19. Kf1 Bd7 20. Rae1
Rf8 21. Qe4 f3 22. Qxg6 hxg6 23. gxf3 Rxh3 24. Bd5 c6 25. Be6 Bxe6 26. Rxe6
Rhxf3 27. R1e2 Kh7 28. Re7 R8f7 29. R7e3 R3f5 30. Re5 Kh6 31. Kg2 Kg5 32. Kg3
Kh6 33. f4 g5 34. fxg5+ Rxg5+ 35. Rxg5 Kxg5 36. Re5+ Kf6 37. Kg4 a6 38. b4 Rd7
39. a4 Rd5 40. Re4 Rg5+ 41. Kf4 Rg1 42. a5 g5+ 43. Kf3 Rc1 44. Re3 Kf5 45. Re5+
Kg6 46. Kg4 Rxc3 47. Rxg5+ Kf6 48. d5 Rc4+ 49. Kh5 cxd5 50. Rg6+ Ke5 51. Rb6
Rc7 52. Kh4 Kf4 53. Kh3 Rg7 54. b5 axb5 55. Rxb5 d4 56. Rd5 Ke3 57. Re5+ Kd2
58. Re8 d3 59. Ra8 Kd1 60. Ra7 Rg5 61. Rxb7 Rxa5 62. Kg3 d2 63. Kf2 Rf5+ 64.
Kg3 Ke2 65. Re7+ Kd3 66. Rd7+ Ke3 67. Kg4 Rf4+ 68. Kg3 Rd4 69. Re7+ Kd3 0-1

[Event "East Lansing (Class A/3/7)"]
[Site "?"]
[Date "1995.??.??"]
[Round "?"]
[White "Skidmore, Mike"]
[Black "Aldrich, Jeff"]
[Result "1/2-1/2"]
[WhiteElo "1945"]
[BlackElo "1915"]
[PlyCount "124"]
[EventDate "1995.??.??"]

{3/(7)} 1. e4 c6 2. Nc3 d5 3. d3 Nd7 4. exd5 cxd5 5. Nxd5 e6 6. Ne3 Ngf6 7. Nf3
b6 8. g3 Bb7 9. Bg2 e5 10. O-O Bc5 11. Nc4 Qc7 12. Ncxe5 O-O 13. Nxd7 Qxd7 14.
Ne5 Qc8 15. Bxb7 Qxb7 16. Qf3 Qd5 17. Qxd5 Nxd5 18. Nd7 Rfe8 19. Nxc5 bxc5 20.
Bd2 Re2 21. Rad1 Nb4 22. Bxb4 cxb4 23. Rc1 Kf8 24. Rfe1 Rd2 25. Kf1 Rc8 26. Re2
Rxd3 27. Ke1 b3 28. axb3 Rxb3 29. c3 a5 30. c4 Rc5 31. Rec2 Ke7 32. Ra1 Kd6 33.
f4 h5 34. Kd2 h4 35. Ra3 Rxa3 36. bxa3 hxg3 37. hxg3 g5 38. Ke3 gxf4+ 39. gxf4
Rh5 40. Kd4 Rh1 41. c5+ Kc6 42. Ke5 Rh3 43. a4 Rd3 44. Rc4 Rd7 45. Rd4 Rb7 46.
Rc4 Rc7 47. f5 Rd7 48. Kf6 Rd5 49. Rc2 Rd7 50. Kg7 Rb7 51. f6 Rd7 52. Kf8 Rc7
53. Ke8 Rb7 54. Rc3 Rc7 55. Re3 Kd5 56. Re7 Rxc5 57. Rxf7 Ke6 58. Kf8 Rc4 59.
Ra7 Kxf6 60. Ra6+ Ke5 61. Rxa5+ Kd6 62. Ra8 Kc7 1/2-1/2

[Event "Detroit (MI Action/5/2)"]
[Site "?"]
[Date "1995.??.??"]
[Round "?"]
[White "Skidmore, Mike"]
[Black "Aldrich, Jeff"]
[Result "0-1"]
[WhiteElo "1935"]
[BlackElo "1915"]
[PlyCount "58"]
[EventDate "1995.??.??"]

{5/(2)} 1. e4 c6 2. Nf3 d5 3. exd5 cxd5 4. d4 Nc6 5. c3 Bg4 6. Bd3 e6 7. O-O
Bd6 8. Re1 Nf6 9. Nbd2 O-O 10. Nf1 Rc8 11. h3 Bh5 12. Bg5 a6 13. N1h2 Bg6 14.
Bxg6 hxg6 15. Ng4 Be7 16. Nfe5 Ne4 17. Bxe7 Qxe7 18. c4 Qd8 19. cxd5 Qxd5 20.
Qf3 Nd6 21. Qxd5 exd5 22. Nd7 Rfe8 23. Nb6 Rcd8 24. Rxe8+ Rxe8 25. Nxd5 Re2 26.
b3 Nxd4 27. Nf4 Rd2 28. Ne3 g5 29. Nh5 Ne4 0-1

[Event "Ann Arbor (MI Women/1/1)"]
[Site "?"]
[Date "1995.??.??"]
[Round "?"]
[White "Skidmore, Jennifer"]
[Black "Zarzycki, Amanda"]
[Result "1-0"]
[WhiteElo "1945"]
[BlackElo "1605"]
[PlyCount "61"]
[EventDate "1995.??.??"]

{1/(1)} 1. e4 e5 2. Nf3 Nc6 3. Bb5 Nd4 4. Nxd4 exd4 5. O-O Nf6 6. d3 c6 7. Bc4
d5 8. exd5 cxd5 9. Re1+ Be7 10. Bb3 O-O 11. Bg5 Nd7 12. Bxe7 Qe8 13. Bxf8 Qxf8
14. Bxd5 Nf6 15. Bb3 Bd7 16. Nd2 Qd6 17. Ne4 Qe5 18. Nxf6+ Qxf6 19. Qh5 g6 20.
Qe5 Qxe5 21. Rxe5 Kh8 22. Rae1 f6 23. Re7 Rd8 24. Rf7 Be8 25. Rxb7 Rd7 26.
Rxe8+ Kg7 27. Rxd7+ Kh6 28. f4 g5 29. f5 g4 30. Rg8 Kh5 31. Rxh7# 1-0

[Event "East Lansing (MI Op/7/18)"]
[Site "?"]
[Date "1995.??.??"]
[Round "?"]
[White "Skidmore, Jennifer"]
[Black "Steverson, Bunnard"]
[Result "0-1"]
[WhiteElo "1940"]
[BlackElo "1830"]
[PlyCount "130"]
[EventDate "1995.??.??"]

{7/(18)} 1. e4 c5 2. Nc3 d6 3. Bb5+ Bd7 4. Bxd7+ Qxd7 5. f4 Nc6 6. Nf3 Nf6 7.
O-O e6 8. d3 Be7 9. a3 O-O 10. b3 a6 11. Bb2 Nd4 12. Ne2 Nc6 13. Qe1 g6 14. Qg3
Nh5 15. Qh3 f5 16. Rad1 fxe4 17. dxe4 Nxf4 18. Nxf4 Rxf4 19. Bc1 Rxe4 20. Bg5
Nd4 21. Nd2 Re5 22. Bf4 Rf5 23. Bh6 Rh5 24. Qe3 Nf5 25. Rxf5 Rxf5 26. Ne4 b6
27. Qc3 e5 28. Qc4+ Kh8 29. Ng3 Rf6 30. Ne4 Re6 31. Qd5 Re8 32. Rf1 Bd8 33. Bf8
Be7 34. Bh6 g5 35. Bxg5 Bxg5 36. Nxg5 Qe7 37. Nxe6 Qxe6 38. Qb7 d5 39. Qxa6 e4
40. Qe2 d4 41. a4 Qg6 42. Re1 e3 43. Rd1 Kg7 44. Rf1 Qe4 45. Rf3 Re6 46. Kf1
Rg6 47. Ke1 Qh4+ 48. g3 Qe4 49. Rf4 Qd5 50. Qf3 Qd7 51. Qa8 Qe7 52. Ke2 h5 53.
Qd5 Rg5 54. Rf5 Rxf5 55. Qxf5 Qf6 56. Qxf6+ Kxf6 57. c3 Ke5 58. h3 Ke4 59. cxd4
cxd4 60. g4 d3+ 61. Ke1 Kf3 62. gxh5 d2+ 63. Kd1 Kf2 64. h6 e2+ 65. Kxd2 e1=Q+
0-1

[Event "East Lansing (MI Op/5/30)"]
[Site "?"]
[Date "1995.??.??"]
[Round "?"]
[White "Skidmore, Jennifer"]
[Black "Sledge, Ernest"]
[Result "1-0"]
[WhiteElo "1940"]
[BlackElo "1835"]
[PlyCount "89"]
[EventDate "1995.??.??"]

{5/(30)} 1. e4 e6 2. d4 d5 3. exd5 Qxd5 4. c4 Qd8 5. Nf3 c6 6. Be2 Nd7 7. O-O
Ngf6 8. Nc3 Bd6 9. Bg5 O-O 10. Qc2 Qc7 11. Rad1 Ng4 12. h3 Ngf6 13. Rfe1 g6 14.
Nd2 Bh2+ 15. Kh1 Bf4 16. Bxf6 Nxf6 17. Nde4 Kg7 18. g3 Bh6 19. Nxf6 Kxf6 20. d5
exd5 21. cxd5 Kg7 22. d6 Qd8 23. Bf1 Be6 24. Ne4 Kg8 25. Kg1 Bg7 26. Bg2 Qb6
27. b3 Rad8 28. Nc5 Qb4 29. Nxe6 fxe6 30. Re4 Qb6 31. Rxe6 Rf7 32. Re7 Rxd6 33.
Re8+ Bf8 34. Rxd6 Kg7 35. Qb2+ Kh6 36. Qd2+ Kg7 37. Qd4+ Qxd4 38. Rxd4 Bc5 39.
Rd2 a5 40. Red8 h5 41. R8d7 Bxf2+ 42. Kh2 Be1 43. Rxf7+ Kxf7 44. Rd7+ Ke6 45.
Rxb7 1-0

[Event "Troy (US Am N/6/8)"]
[Site "?"]
[Date "1995.??.??"]
[Round "?"]
[White "Skidmore, Jennifer"]
[Black "Schmoldt, J."]
[Result "1-0"]
[WhiteElo "1920"]
[BlackElo "1715"]
[PlyCount "93"]
[EventDate "1995.??.??"]

{6/(8)} 1. e4 c5 2. Nc3 Nc6 3. f4 d6 4. Nf3 e5 5. Bc4 Be7 6. O-O Nf6 7. d3 Be6
8. Bxe6 fxe6 9. Ng5 Qd7 10. f5 exf5 11. exf5 Nd8 12. Bd2 h6 13. Nge4 Nf7 14.
Qf3 O-O-O 15. Be3 Qc6 16. a4 d5 17. Nxf6 gxf6 18. Nb5 Kb8 19. Qe2 d4 20. Bd2
Rd7 21. c3 Nd6 22. cxd4 Nxb5 23. axb5 Qxb5 24. dxe5 Qxd3 25. Qxd3 Rxd3 26. Bc3
Rf8 27. Rad1 Rxd1 28. Rxd1 fxe5 29. Bxe5+ Kc8 30. Rf1 Kd7 31. Bg7 Rg8 32. Bxh6
Bg5 33. Bxg5 Rxg5 34. Rf4 b5 35. g4 a5 36. h4 Rg8 37. g5 Ke7 38. Re4+ Kf7 39.
f6 Rd8 40. h5 Rd1+ 41. Kg2 Rd4 42. Re7+ Kf8 43. g6 Rg4+ 44. Kf3 Rg5 45. g7+ Kg8
46. Re8+ Kf7 47. Rf8+ 1-0

[Event "Ann Arbor (MI Women/3/1)"]
[Site "?"]
[Date "1995.??.??"]
[Round "?"]
[White "Skidmore, Jennifer"]
[Black "Raupp, Helene"]
[Result "1-0"]
[WhiteElo "1945"]
[BlackElo "1605"]
[PlyCount "43"]
[EventDate "1995.??.??"]

{3/(1)} 1. e4 e6 2. d4 d5 3. e5 c5 4. c3 Nc6 5. Bb5 Qb6 6. Bxc6+ bxc6 7. Nf3
Ba6 8. Nbd2 Nh6 9. Nb3 cxd4 10. Nbxd4 Be7 11. Rb1 Ng8 12. Be3 Qc7 13. Qa4 Bb7
14. O-O f6 15. Nxe6 Qc8 16. Nxg7+ Kf7 17. Nh5 Qe6 18. Qf4 Kg6 19. Nxf6 Bxf6 20.
exf6 Nxf6 21. Qh6+ Kf5 22. Nd4+ 1-0

[Event "East Lansing (MI Op/3/24)"]
[Site "?"]
[Date "1995.??.??"]
[Round "?"]
[White "Skidmore, Jennifer"]
[Black "Morris, Jewell"]
[Result "0-1"]
[WhiteElo "1940"]
[BlackElo "1840"]
[PlyCount "86"]
[EventDate "1995.??.??"]

{3/(24)} 1. e4 c5 2. Nc3 d6 3. f4 Nc6 4. Bb5 Bd7 5. Nf3 a6 6. Bxc6 Bxc6 7. O-O
Nf6 8. Qe1 g6 9. Rb1 b5 10. d3 Bg7 11. Ne2 O-O 12. Ng3 Qc7 13. Ng5 Bb7 14. f5
h6 15. Nh3 g5 16. Qe2 Qc6 17. Nh5 Nxh5 18. Qxh5 d5 19. Re1 dxe4 20. dxe4 Rad8
21. c3 b4 22. Qf3 bxc3 23. bxc3 Rd7 24. Nf2 Rfd8 25. Qg4 Bxc3 26. Bxg5 hxg5 27.
Qxg5+ Bg7 28. Rb3 Qh6 29. Qg4 Kf8 30. e5 Bxe5 31. Rh3 Qg7 32. f6 Bxf6 33. Rh5
Qxg4 34. Nxg4 Rd1 35. Rxd1 Rxd1+ 36. Kf2 Rd2+ 37. Ke3 Rxg2 38. Nxf6 exf6 39. a3
Rg5 40. Rh6 Kg7 41. Rh4 Re5+ 42. Kd3 f5 43. Rf4 Kg6 0-1

[Event "Ann Arbor (HVA/3/2)"]
[Site "?"]
[Date "1995.??.??"]
[Round "?"]
[White "Skidmore, Jennifer"]
[Black "McCarter, Robert"]
[Result "0-1"]
[WhiteElo "1900"]
[BlackElo "1765"]
[PlyCount "102"]
[EventDate "1995.??.??"]

{3/(2)} 1. e4 c5 2. Nc3 d6 3. Bb5+ Bd7 4. Bxd7+ Qxd7 5. f4 e6 6. Nf3 g6 7. O-O
Ne7 8. d3 Bg7 9. Be3 Nbc6 10. a3 O-O 11. Qe1 Nd4 12. Rc1 Rac8 13. Qh4 f5 14.
Ng5 h6 15. Nh3 b5 16. Kh1 a5 17. Bxd4 cxd4 18. Nxb5 Bf6 19. Qxh6 Qxb5 20. Ng5
Bxg5 21. Qxg5 Rf7 22. b3 Qc5 23. Rf3 Qxa3 24. Rcf1 Rxc2 25. Rh3 Rc1 26. Rhf3
Rxf1+ 27. Rxf1 Qxb3 28. exf5 Qxd3 29. Rc1 Qxf5 30. Qxf5 Rxf5 31. g3 g5 32. fxg5
Rxg5 33. Rc7 Kf7 34. Kg2 Rd5 35. Rc2 d3 36. Rd2 a4 37. Kf3 a3 38. Ke3 Nc6 39.
h4 Nb4 40. g4 a2 41. h5 a1=Q 42. h6 Qe1+ 43. Kf3 Qxd2 44. h7 Qh6 45. g5 Qg7 46.
g6+ Kxg6 47. h8=N+ Qxh8 48. Kf4 d2 49. Kg3 d1=Q 50. Kf2 Qh2+ 51. Ke3 Qd3# 0-1

[Event "Grand Rapids (MI Am/3/2)"]
[Site "?"]
[Date "1995.??.??"]
[Round "?"]
[White "Skidmore, Jennifer"]
[Black "Lubben, Don"]
[Result "1-0"]
[WhiteElo "1935"]
[BlackElo "1830"]
[PlyCount "78"]
[EventDate "1995.??.??"]

{3/(2)} 1. e4 e6 2. d4 d5 3. exd5 exd5 4. Bd3 Bd6 5. Ne2 Nf6 6. Bg5 h6 7. Bh4
Nc6 8. Nbc3 Nb4 9. O-O Nxd3 10. Qxd3 c6 11. Rae1 Be6 12. f3 Qc7 13. Bg3 O-O-O
14. Na4 b6 15. b3 Rhe8 16. c4 Bxg3 17. Nxg3 Re7 18. Rc1 Rde8 19. cxd5 Bxd5 20.
Nf5 Re2 21. Nxg7 R8e3 22. Qf5+ Nd7 23. Nc3 Be6 24. Nxe6 fxe6 25. Qh5 Rd2 26.
Qxh6 Rxc3 27. Qxd2 Rxc1 28. Rxc1 Nf6 29. Qe3 Qd6 30. Re1 Kb7 31. Qxe6 Qxd4+ 32.
Qe3 Qb2 33. Qe7+ Ka6 34. Qe2+ Qxe2 35. Rxe2 Nd5 36. h4 Nc3 37. Rc2 Nd1 38. Rxc6
Ne3 39. h5 Kb5 1-0

[Event "Grand Rapids (MI Am/1/3)"]
[Site "?"]
[Date "1995.??.??"]
[Round "?"]
[White "Skidmore, Jennifer"]
[Black "Juntunen, Michael"]
[Result "1-0"]
[WhiteElo "1935"]
[BlackElo "1605"]
[PlyCount "59"]
[EventDate "1995.??.??"]

{1/(3)} 1. e4 c6 2. d4 d5 3. e5 e6 4. f4 Ne7 5. Nf3 Nf5 6. Bd3 c5 7. Bxf5 exf5
8. c3 h6 9. Be3 c4 10. Nbd2 Be7 11. O-O O-O 12. b3 b5 13. a4 b4 14. bxc4 bxc3
15. Nb1 Ba6 16. Nxc3 Bxc4 17. Rf2 Qa5 18. Qc2 g6 19. Nd2 Ba6 20. Nb3 Qd8 21. g4
fxg4 22. f5 Kh7 23. e6 Bc8 24. exf7 Bxf5 25. Rxf5 gxf5 26. Qxf5+ Kh8 27. Bxh6
Nd7 28. Nxd5 Bd6 29. Qh5 Rg8 30. Bf8# 1-0

[Event "Ann Arbor (HVA/2/3)"]
[Site "?"]
[Date "1995.??.??"]
[Round "?"]
[White "Skidmore, Jennifer"]
[Black "Jointer, William"]
[Result "1-0"]
[WhiteElo "1900"]
[BlackElo "1700"]
[PlyCount "101"]
[EventDate "1995.??.??"]

{2/(3)} 1. e4 c5 2. Nc3 Nc6 3. f4 g6 4. Nf3 Bg7 5. Be2 e6 6. O-O Nge7 7. d3 O-O
8. Bd2 d5 9. Qe1 Nd4 10. Nxd4 Bxd4+ 11. Kh1 a6 12. Bf3 b5 13. Nd1 Bb7 14. e5 c4
15. c3 Ba7 16. d4 f6 17. exf6 Rxf6 18. Nf2 h5 19. g4 hxg4 20. Nxg4 Nf5 21.
Nxf6+ Qxf6 22. Rg1 Kf7 23. Qe5 Qe7 24. Rg5 Rg8 25. Rag1 Bb8 26. Qe1 Qf6 27. Bh5
Ne7 28. Bg4 Rh8 29. Qe2 Bc8 30. b3 Kg7 31. Bh5 Rh6 32. f5 exf5 33. R5g2 f4 34.
Re1 Nf5 35. Qe8 Rxh5 36. Qxc8 Qd6 37. Re6 Qc7 38. Rexg6+ Kf7 39. Qg8+ Ke7 40.
Rg7+ Nxg7 41. Rxg7+ Kd6 42. Bxf4+ Kc6 43. Qe8+ Kb6 44. Bxc7+ Bxc7 45. Qxh5 Bf4
46. b4 Kc6 47. Rg6+ Kb7 48. Qxd5+ Kc7 49. Qc6+ Kd8 50. Rg8+ Ke7 51. Rg7+ 1-0

[Event "Grand Rapids (MI Am/5/6)"]
[Site "?"]
[Date "1995.??.??"]
[Round "?"]
[White "Skidmore, Jennifer"]
[Black "Foote, Greg"]
[Result "1-0"]
[WhiteElo "1935"]
[BlackElo "1725"]
[PlyCount "67"]
[EventDate "1995.??.??"]

{5/(6)} 1. e4 c5 2. Nc3 Nc6 3. f4 e6 4. Nf3 Qc7 5. g3 d6 6. Bg2 Nf6 7. O-O Bd7
8. d3 Be7 9. Bd2 O-O 10. a3 a6 11. Qe1 Rfe8 12. h3 b5 13. Ne2 Rab8 14. c3 Na5
15. Qd1 c4 16. Ne1 Nb3 17. Rb1 Nxd2 18. Qxd2 cxd3 19. Nxd3 Qb6+ 20. Kh2 Bc6 21.
Nf2 Qb7 22. Qc2 Rbd8 23. Nd4 d5 24. e5 Nd7 25. b4 Nb6 26. Rbe1 Nc4 27. Ng4 Nxa3
28. Qc1 Nc4 29. f5 exf5 30. Nxf5 Kh8 31. Nxg7 Kxg7 32. Qh6+ Kg8 33. Nf6+ Bxf6
34. exf6 1-0

[Event "Troy (US Am N/2/15)"]
[Site "?"]
[Date "1995.??.??"]
[Round "?"]
[White "Skidmore, Jennifer"]
[Black "Duncan, Robert"]
[Result "1-0"]
[WhiteElo "1920"]
[BlackElo "1605"]
[PlyCount "73"]
[EventDate "1995.??.??"]

{2/(15)} 1. e4 g6 2. d4 Bg7 3. f4 d6 4. Nf3 Nc6 5. c3 e5 6. Bb5 Bd7 7. O-O Nge7
8. Be3 a6 9. Bc4 b5 10. Bxf7+ Kxf7 11. Ng5+ Ke8 12. fxe5 Qc8 13. Qb3 d5 14.
exd5 Na5 15. Qc2 Bf5 16. Qf2 h6 17. Nf3 Rf8 18. d6 Nd5 19. Nbd2 cxd6 20. exd6
Qd7 21. Rfe1 Kd8 22. Bxh6 Nb7 23. Ne5 Bxe5 24. Bxf8 Bxd6 25. Bxd6 Nxd6 26. Re5
Qf7 27. Rae1 Kc7 28. Qf3 Kc6 29. b3 Re8 30. c4 Rxe5 31. dxe5 Qe6 32. cxd5+ Qxd5
33. Qxd5+ Kxd5 34. exd6 Kxd6 35. Ne4+ Kd5 36. Ng3 Be6 37. Kf2 1-0

[Event "East Lansing (MI Op/1b/19)"]
[Site "?"]
[Date "1995.??.??"]
[Round "?"]
[White "Skidmore, Jennifer"]
[Black "Davis, Michael"]
[Result "0-1"]
[WhiteElo "1940"]
[BlackElo "1665"]
[PlyCount "84"]
[EventDate "1995.??.??"]

1. e4 c5 2. Nc3 Nc6 3. f4 e6 4. Nf3 d5 5. e5 Nh6 6. Bb5 Be7 7. d3 O-O 8. Bxc6
bxc6 9. O-O Nf5 10. g4 Nd4 11. Nxd4 cxd4 12. Ne2 c5 13. Rf3 f6 14. exf6 Bxf6
15. Ng3 Bh4 16. Bd2 Bxg3 17. Rxg3 c4 18. Qf3 e5 19. Rf1 Rb8 20. b3 c3 21. Bc1
Ba6 22. Re1 exf4 23. Rh3 Rb6 24. Re5 Bb7 25. Ba3 Re8 26. Qxf4 Rf6 27. Qxd4 Rf1+
28. Kxf1 Qf6+ 29. Qf2 Qxe5 30. Rf3 Qb8 31. Rf7 d4 32. Bc5 Bd5 33. Rf4 Qa8 34.
Bxd4 Qc6 35. Bxa7 Bf7 36. Be3 Bg6 37. Bc5 Qh1+ 38. Qg1 Bxd3+ 39. cxd3 c2 40.
Rc4 Qf3+ 41. Bf2 Re1+ 42. Kxe1 Qd1# 0-1

[Event "Troy (US Am N/5/9)"]
[Site "?"]
[Date "1995.??.??"]
[Round "?"]
[White "Skidmore, Jennifer"]
[Black "Bee, A."]
[Result "1/2-1/2"]
[WhiteElo "1920"]
[BlackElo "1870"]
[PlyCount "102"]
[EventDate "1995.??.??"]

{5/(9)} 1. e4 c6 2. d4 d5 3. e5 Bf5 4. f4 e6 5. Nf3 c5 6. c3 Nc6 7. Bb5 a6 8.
Bxc6+ bxc6 9. Nbd2 Bg4 10. Qa4 Qb6 11. O-O Bxf3 12. Nxf3 Qb5 13. Qc2 Nh6 14. a4
Qb6 15. Kh1 g6 16. Bd2 c4 17. h3 Nf5 18. Kh2 Be7 19. Rfb1 Rb8 20. Be1 h5 21.
Qe2 Qd8 22. Nd2 g5 23. b3 cxb3 24. Qxa6 gxf4 25. Qxc6+ Qd7 26. Qxd7+ Kxd7 27.
Rxb3 Rxb3 28. Nxb3 Ne3 29. Ra2 Rb8 30. Nd2 Rg8 31. Nf3 Rb8 32. a5 Nc4 33. Bd2
Ra8 34. a6 Ba3 35. Bxf4 Bb2 36. Bd2 Nxd2 37. Nxd2 Bxc3 38. Nb3 Ke7 39. Kg3 Be1+
40. Kf3 f6 41. Ke2 Bg3 42. exf6+ Kxf6 43. Nc5 Bd6 44. Nd7+ Kf5 45. Nb6 Rg8 46.
Kf3 Bc7 47. a7 Bxb6 48. a8=Q Rxa8 49. Rxa8 Bxd4 50. Rf8+ Kg6 51. Re8 Kf7
1/2-1/2

[Event "East Lansing (Class DE/2/21)"]
[Site "?"]
[Date "1995.??.??"]
[Round "?"]
[White "Simmons, P."]
[Black "Adamson, R."]
[Result "1-0"]
[WhiteElo "1605"]
[BlackElo "1605"]
[PlyCount "63"]
[EventDate "1995.??.??"]

{2/(21)} 1. e4 Nf6 2. e5 Nd5 3. Bc4 e6 4. d4 d6 5. Nf3 Nc6 6. c3 dxe5 7. dxe5
Bc5 8. O-O b6 9. a3 Na5 10. Ba2 Ba6 11. Re1 Qd7 12. b4 Bxf2+ 13. Kxf2 Nc4 14.
Qd4 O-O-O 15. Bxc4 Bxc4 16. Qxc4 Ne7 17. Qe4 Kb8 18. Be3 f6 19. Nbd2 fxe5 20.
a4 Nf5 21. Qxe5 Nxe3 22. Qxe3 Rhf8 23. Kg1 Rf6 24. a5 Qd6 25. Ne4 Qc6 26. Nxf6
gxf6 27. axb6 cxb6 28. Qxe6 Qxc3 29. Qe7 Kc8 30. Qxa7 Qc6 31. Rac1 Rd6 32.
Rxc6+ 1-0

[Event "East Lansing (Beg/2/15)"]
[Site "?"]
[Date "1995.??.??"]
[Round "?"]
[White "Simmons, M."]
[Black "Wright, S."]
[Result "1-0"]
[WhiteElo "1605"]
[BlackElo "1605"]
[PlyCount "35"]
[EventDate "1995.??.??"]

{2/(15)} 1. e4 b6 2. d3 e5 3. Nf3 Bd6 4. d4 exd4 5. Nxd4 Bf8 6. Bd3 Be7 7. O-O
Bf6 8. Nf5 g6 9. Ng3 Bb7 10. Qe1 Be7 11. f4 a5 12. f5 Bb4 13. c3 Bc5+ 14. Kh1
Nh6 15. Bxh6 gxf5 16. exf5+ Be7 17. Nh5 Rg8 18. Nf6# 1-0

[Event "East Lansing (Beg/5/15)"]
[Site "?"]
[Date "1995.??.??"]
[Round "?"]
[White "Simmons, M."]
[Black "Taylor, Walt"]
[Result "1-0"]
[WhiteElo "1605"]
[BlackElo "1605"]
[PlyCount "39"]
[EventDate "1995.??.??"]

{5/(15)} 1. e4 e5 2. Nf3 Nc6 3. Be2 Nf6 4. d3 g6 5. O-O Bg7 6. d4 Nxe4 7. dxe5
Nxe5 8. c3 Nxf3+ 9. Bxf3 Nd6 10. Re1+ Kf8 11. Bf4 Nf5 12. Qe2 Ne7 13. Bxc7 Qe8
14. Bd6 Bf6 15. Nd2 a5 16. Ne4 b6 17. Nxf6 Ba6 18. Bxe7+ Kg7 19. Nxe8+ Kh6 20.
Qe3+ 1-0

[Event "East Lansing (Beg/4/12)"]
[Site "?"]
[Date "1995.??.??"]
[Round "?"]
[White "Simmons, M."]
[Black "Haidar, R."]
[Result "0-1"]
[WhiteElo "1605"]
[BlackElo "1605"]
[PlyCount "44"]
[EventDate "1995.??.??"]

{4/(12)} 1. e4 d6 2. Nc3 Nf6 3. Bc4 e6 4. Nf3 d5 5. exd5 exd5 6. Ne5 dxc4 7.
Qe2 Qe7 8. O-O Nc6 9. f4 Bg4 10. Qxc4 Nxe5 11. fxe5 O-O-O 12. exf6 gxf6 13. Nd5
Qc5+ 14. Ne3 Qxc4 15. Nxc4 Bc5+ 16. Kh1 Be6 17. d3 Bd5 18. Be3 Rhg8 19. Rxf6
Rde8 20. Bxc5 Rxg2 21. Nd6+ Kd7 22. Nxe8 Rg5+ 0-1

[Event "Troy (US Am N/5/39)"]
[Site "?"]
[Date "1995.??.??"]
[Round "?"]
[White "Silveri, Marco"]
[Black "Young, A."]
[Result "1-0"]
[WhiteElo "1605"]
[BlackElo "1605"]
[PlyCount "87"]
[EventDate "1995.??.??"]

{5/(39)} 1. e4 e5 2. d4 f6 3. Nf3 d6 4. Nc3 Bg4 5. d5 a6 6. Be3 b6 7. Be2 f5 8.
h3 fxe4 9. Nxe4 Bf5 10. Bd3 Be7 11. Neg5 Bd7 12. Qd2 c5 13. Nh4 h6 14. Bg6+ Kf8
15. Nf7 Qc8 16. Nxh8 Bxh4 17. Bh5 Be8 18. Ng6+ Bxg6 19. Bxg6 Qd8 20. Qe2 Bg5
21. O-O Ne7 22. Bxg5 hxg5 23. Qh5 Nxg6 24. Qxg6 Qf6 25. Qh5 Ke7 26. Rae1 Nd7
27. Re3 Rf8 28. Rg3 g6 29. Qxg5 Qxg5 30. Rxg5 b5 31. Rxg6 Kf7 32. Rxd6 Nf6 33.
Rxa6 Nxd5 34. c3 Nc7 35. Ra7 Rc8 36. Rd1 Ke6 37. g3 e4 38. Kg2 Nd5 39. Re1 Rg8
40. h4 Nf4+ 41. Kh2 Ng6 42. Rxe4+ Ne5 43. f4 Rg4 44. Rxe5+ 1-0

[Event "Troy (US Am N/2/28)"]
[Site "?"]
[Date "1995.??.??"]
[Round "?"]
[White "Silveri, Marco"]
[Black "Schey, Danny"]
[Result "0-1"]
[WhiteElo "1605"]
[BlackElo "1780"]
[PlyCount "64"]
[EventDate "1995.??.??"]

{2/(28)} 1. e4 e5 2. d4 exd4 3. Qxd4 Nc6 4. Qe3 Nf6 5. Nc3 b6 6. Bd2 Bc5 7. Qg3
d6 8. h3 Qe7 9. Bd3 d5 10. f3 Nh5 11. Qh2 Qh4+ 12. g3 Qxg3+ 13. Qxg3 Nxg3 14.
Rh2 Bxg1 15. Rg2 Nxe4 16. fxe4 Bd4 17. Nxd5 Bxb2 18. Nxc7+ Kd8 19. Nxa8 Bxa1
20. c3 Ne5 21. Be2 Bb7 22. Nxb6 axb6 23. Rxg7 Bxe4 24. Rg3 Re8 25. Bc1 Nf3+ 26.
Kf2 Ne5 27. Ba3 Re6 28. Ke3 Bg6 29. Kd2 Rc6 30. Bb5 Rf6 31. Rg1 Nf3+ 32. Kc1
Nxg1 0-1

[Event "East Lansing (Class DE/5/8)"]
[Site "?"]
[Date "1995.??.??"]
[Round "?"]
[White "Silveri, Marco"]
[Black "Lane, T."]
[Result "0-1"]
[WhiteElo "1605"]
[BlackElo "1605"]
[PlyCount "134"]
[EventDate "1995.??.??"]

{5/(8)} 1. e4 c5 2. Nf3 d6 3. d3 Nf6 4. g3 e6 5. Bg2 Be7 6. O-O O-O 7. Nbd2 Nc6
8. c3 b5 9. Re1 Rb8 10. a3 Qb6 11. a4 a6 12. h3 Bb7 13. Nf1 Rfd8 14. Be3 Qc7
15. N1d2 Nd7 16. Qc2 Nce5 17. Bg5 Bxg5 18. Nxg5 Nf6 19. f4 Ned7 20. axb5 axb5
21. Ra7 Ra8 22. Rea1 Qb6 23. Rxa8 Rxa8 24. Re1 e5 25. Ndf3 h6 26. Qf2 hxg5 27.
fxg5 Nxe4 28. dxe4 c4 29. Qxb6 Nxb6 30. Rd1 Bxe4 31. Rxd6 Ra1+ 32. Kh2 Na4 33.
g6 Bxg6 34. Ng5 Kf8 35. Rd5 Ra2 36. Rxb5 Rxb2 37. Rxb2 Nxb2 38. Be4 Bxe4 39.
Nxe4 Na4 40. Kg2 f5 41. Nd6 Nxc3 42. Nxc4 e4 43. Kf2 Ke7 44. Ke3 Nd5+ 45. Kd4
Ke6 46. Ne3 Nxe3 47. Kxe3 Ke5 48. h4 g6 49. Ke2 Kd4 50. Kd2 e3+ 51. Ke2 Ke4 52.
Ke1 Kf3 53. Kf1 Kxg3 54. Ke2 Kxh4 55. Kxe3 g5 56. Kf2 g4 57. Kg2 f4 58. Kh2 Kg5
59. Kg2 Kf5 60. Kf2 Ke4 61. Ke2 f3+ 62. Kf2 Kf4 63. Kf1 Ke3 64. Ke1 g3 65. Kf1
g2+ 66. Kg1 Ke2 67. Kh2 Kf2 0-1